000
00271nam a2200109Ia 4500
008
230907s9999||||xx |||||||||||||| ||und||
082
_a
620.106
_b
CHI
245
0
_a
Fluid mechanics for engineers /
260
_a
Pearson,
_b
Harlow :
_c
2018
300
_a
1045 p.
942
_c
BK
999
_c
600280
_d
600280